| 000 | 00893cam a2200205 a 4500 | ||
|---|---|---|---|
| 020 | _a0861635820 | ||
| 082 | 0 | 0 |
_a808.831 _bBIS _cL-NUST, P-42 |
| 100 | 1 |
_aStevenson, Robert Louis, _946827 |
|
| 245 | 1 | 0 |
_aTreasure Island / _cby Robert Louis Stevenson ; illustrated by Gerry Embleton |
| 260 |
_aNew York : _bAward Publisher _c1991. |
||
| 300 |
_bill. _c24 cm. |
||
| 520 | _aWhile going through the possessions of a deceased guest who owed them money, the mistress of the inn and her son find a treasure map that leads to a pirate fortune as well as great danger. | ||
| 526 |
_a0 _b0 _c0 _d808_831000000000000_BIS |
||
| 650 | 1 |
_aAdventure and adventurers _xFiction. _911666 |
|
| 650 | 1 |
_aBuried treasure _xFiction. _946828 |
|
| 650 | 1 |
_aPirates _xFiction. _946829 |
|
| 700 | 1 |
_aEmbleton, Gerry _946830 |
|
| 856 | 4 | 2 | _uhttp://www.loc.gov/catdir/enhancements/fy0902/81008788-b.html |
| 942 |
_2ddc _cBK |
||
| 999 |
_c550085 _d550085 |
||